000 00807cam a2200217 4500
001 ##E508
008 1946
035 _a(Sirsi) u52433
041 0 _aeng
050 0 4 _a333.0062 $2 18
110 2 _aRoyal Institution of Chartered Surveyors
_94900
245 0 0 _aHistorical sketch
260 _aLondon
_bRICS
_c1946
300 _a10p.
_c21cm.
350 _a10p.
520 _aPresents an overview of the history and intellectual advancement of the surveying profession. It also summarises how the Royal institution of Chartered Surveyors was founded, how it has grown, its public standing and professional codes of conduct. Reprinted from the RICS Journal, July 1946.
651 4 _aGreat Britain
_y1707-
690 _aABOUT RICS
942 _n0
948 _c04/03/1997
999 _c93067
_d93067